| 000 | 00705cam a22002291 4500 | ||
|---|---|---|---|
| 001 | 000023619 | ||
| 005 | 20200930022344.0 | ||
| 008 | 751208s1967 sp 001 0 spa | ||
| 040 |
_aDO-SdBNP _bspa _cBNPHU |
||
| 050 | 0 | 0 |
_aPQ6623.A816 _bP75 1957 |
| 082 |
_axxxxx _bA996p |
||
| 100 | 0 |
_aAzorin, _d1873-1967 _95278 |
|
| 245 | 1 | 0 |
_aPueblo; : _bnovela de los que trabajan y sufren / _cAzorin. |
| 250 | _a3a ed. | ||
| 260 |
_aMadrid : _bEspasa Calpe, _c1967. |
||
| 300 |
_a153 p. ; _c18 cm. |
||
| 490 | 1 |
_aAustral ; _vno. 910 |
|
| 500 | _aIncluye índice de autores | ||
| 500 | _aIncluye información biográfica del autor en la solapa de la portada. | ||
| 830 | 0 |
_aAustral ; _n910 _948670 |
|
| 049 | _aBNGR | ||
| 999 |
_c23115 _d23115 |
||